MDQL
is popping MORE tags! Check the
thread
!
Quizzes
Events
Quiz Creation
Community
Videos
Private Events
Remove Ads
Sign In
Join for FREE
Feedback
Dark Mode
Quiz Categories
Sports
Geography
Music
Movies
Television
Just For Fun
Miscellaneous
History
Literature
Language
Science
Gaming
Entertainment
Religion
Holiday
For Kids
Quiz Lab
Recent
Popular Today
Quiz Kudos Today
Editor Picks
Curator Picks
Quizzes by...
Day
Popularity
Type
Ratings
Length
Year
Community
Subscriptions
Recent Discussions
Orange Saloon
Badges
Playlists
Quests
Create
Leaderboards
Showdown
Live 5
Trivia Bingo
Activity
Puzzle Library
Sporcle Events
Private Events
Virtual Trivia
Globe League
Become a Host
Pub Owners
SporcleCon
Opinionation
Our Games
Videos
Blog
Mobile Apps
Partnerships
Remove Ads and Go Orange
Feedback
Gaming
Video Games
Board Games
Card Games
Pokémon
Mario
Nintendo
Minecraft
Console
Toys
Legend of Zelda
Gaming
Video Games
Board Games
Card Games
Pokémon
Mario
Nintendo
Minecraft
Console
Toys
Legend of Zelda
Random Quiz
Search Sporcle
×
Quiz Lab
Quiz Lab
Gaming
League of Legends
Type in answers that appear in a list
Type in answers that appear in a list
Classic
Best Score? Go Orange.
131 League of Legends Champions Stats
Can you name the 93 League of Legends Champions by Title?
By
eolene
15m
134 Questions
120 Plays
120 Plays
120 Plays
Comments
Comments
Give Quiz Kudos
Give Quiz Kudos
-
- Ratings
hide this ad
More Info
Forced Order
Answers have to be entered in order
Answers have to be entered in order
Replay
Link that replays current quiz
Next Quiz
Link to next quiz in quiz playlist
You Got
0%
They Got
Avg Score
53%
Avg Friend Score
Upgrade to see
Score Distribution
Jump to the score distribution portion of the page
Score
0/134
Timer
15:00
0
Plays Today
Title
Champion
% Correct
The 9 Tails Fox
Ahri
100%
The Grand Duelist
Fiora
100%
Rise of the Thorns
Zyra
100%
Scorn of the Moon
Diana
100%
The Tidecaller
Nami
100%
The Piltover Enforcer
Vi
100%
The Chain Warden
Thresh
100%
Demacia's Wings
Quinn
100%
The Secret Weapon
Zac
100%
The Ice Witch
Lissandra
100%
The Darkin Blade
Aatrox
100%
The Eye of the Void
Vel'Koz
100%
The Emperor of the Sands
Azir
100%
The Boy Who Shattered Time
Ekko
100%
The River King
Tahm Kench
100%
The Eternal Hunters
Kindred
100%
The Animal Spirit
Udyr
98.3%
The Armordillo
Rammus
97.5%
The Artisan of War
Pantheon
90%
The Fae Sorceress
Lulu
90%
The Arrow of Retribution
Varus
90%
The Hand of Noxus
Darius
90%
The Pridestalker
Rengar
90%
The Spider Queen
Elise
90%
The Master of Shadows
Zed
90%
The Loose Cannon
Jinx
90%
The Unforgiven
Yasuo
90%
The Heart of the Freljord
Braum
90%
The Spear of Vengeance
Kalista
90%
The Void Burrower
Rek'Sai
90%
The Kraken Priestess
Illaoi
90%
The Barbarian King
Tryndamere
89.2%
The Berserker
Olaf
85.8%
The Battle Mistress
Sivir
85.8%
The Bestial Huntress
Nidalee
81.7%
The Blind Monk
Lee Sin
80.8%
The Blade's Shadow
Talon
80%
The Blood Hunter
Warwick
80%
The Glorious Executioner
Draven
80%
The Defender of Tomorrow
Jayce
80%
The Voidreaver
Kha'Zix
80%
The Purifier
Lucian
80%
The Missing Link
Gnar
80%
The Wandering Caretaker
Bard
80%
The Virtuoso
Jhin
80%
Title
Champion
% Correct
The Star Forger
Aurelion Sol
80%
The Stoneweaver
Taliyah
80%
The Cryophoenix
Anivia
77.5%
The Burning Vengeance
Brand
77.5%
The Butcher of the Sands
Renekton
77.5%
The Card Master
Twisted Fate
77.5%
The Chronokeeper
Zilean
77.5%
The Bounty Hunter
Miss Fortune
76.7%
The Curator of the Sands
Nasus
76.7%
The Cursed Troll
Trundle
76.7%
The Dark Child
Annie
75.8%
The Daring Bombardier
Corki
75.8%
The Deathsinger
Karthus
75.8%
The Deceiver
LeBlanc
75.8%
The Eternal Nightmare
Nocturne
75.8%
The Crystal Vanguard
Skarner
75.8%
The Crimson Reaper
Vladimir
75.8%
The Exemplar of Demacia
Jarvan IV
75%
The Enlightened One
Karma
75%
The Demon Jester
Shaco
75%
The Exile
Riven
74.2%
The Frost Archer
Ashe
72.5%
The Great Steam Golem
Blitzcrank
72.5%
The Grandmaster at Arms
Jax
72.5%
The Fallen Angel
Morgana
72.5%
The Gravedigger
Yorick
72.5%
The Fist of Shadow
Akali
71.7%
The Lady of Clockwork
Orianna
71.7%
The Eye of Twilight
Shen
71.7%
The Mad Chemist
Singed
71.7%
The Gem Knight
Taric
71.7%
The Hexplosives Expert
Ziggs
71.7%
The Madman of Zaun
Dr. Mundo
70.8%
The Judicator
Kayle
70.8%
The Lady of Luminosity
Lux
70.8%
The Half-
Dragon
Shyvana
70.8%
The Maven of the Strings
Sona
70.8%
The Magus Ascendant
Xerath
70.8%
The Sad Mummy
Amumu
70%
The Prodigal Explorer
Ezreal
70%
The Harbinger of Doom
Fiddlesticks
70%
The Saltwater Scourge
Gangplank
70%
The Might of Demacia
Garen
70%
The Heart of the Tempest
Kennen
70%
The Radiant Dawn
Leona
70%
Title
Champion
% Correct
The Master of Metal
Mordekaiser
70%
The Master Tactician
Swain
70%
The Plague Rat
Twitch
70%
The Machine Herald
Viktor
70%
The Monkey King
Wukong
70%
The Minotaur
Alistar
70%
The Dark Sovereign
Syndra
70%
The Rabble Rouser
Gragas
69.2%
The Revered Inventor
Heimerdinger
69.2%
The Mouth of the Abyss
Kog'Maw
69.2%
The Prophet of the Void
Malzahar
69.2%
The Iron Ambassador
Poppy
69.2%
The Mechanized Menace
Rumble
69.2%
The Rogue Mage
Ryze
69.2%
The Headsman's Pride
Urgot
69.2%
The Seneshal of Demacia
Xin Zhao
69.2%
The Sheriff of Piltover
Caitlyn
68.3%
The Serpent's Embrace
Cassiopeia
68.3%
The Outlaw
Graves
68.3%
The Megling Gunner
Tristana
68.3%
The Sinister Blade
Katarina
67.5%
The Swift Scout
Teemo
67.5%
The Night Hunter
Vayne
67.5%
The Tidal Trickster
Fizz
66.7%
The Sentinel's Sorrow
Galio
66.7%
The Shard of the Monolith
Malphite
66.7%
The Twisted Treant
Maokai
66.7%
The Titan of the Depths
Nautilus
66.7%
The Starchild
Soraka
66.7%
The Tiny Master of Evil
Veigar
66.7%
The Terror of the Void
Cho'Gath
65.8%
The Storm's Fury
Janna
65.8%
The Undead Champion
Sion
65.8%
The Thunder's Roar
Volibear
65%
The Widowmaker
Evelynn
64.2%
The Wuju Bladesman
Master Yi
64.2%
The Yeti Rider
Nunu
64.2%
The Will of the Blades
Irelia
63.3%
The Void Walker
Kassadin
63.3%
The Winter's Wrath
Sejuani
63.3%
The Shadow of War
Hecarim
60%
BONUS: A Toy Made Real
Tibbers
33.3%
BONUS: A Myth for a Mount
Willump
20.8%
BONUS: Wintery Pork
Bristle
15.8%
Quiz Playlist
Details
Report
Send in Message
Add To Playlist
More Info:
Up to date as of 03/08/2016, with 131 released champions. Warning: Last question is hard.
Classic:
Type in answers that appear in a list
Forced Order:
Answers have to be entered in order
Last Updated: Feb 16, 2017
Quiz Scoreboard
CHALLENGE
Sign Up to Join the Scoreboard
Show All
Scores
Hide
Comments
May contain spoilers
Recently Published
Street Fighter Characters
by Artimus82
Gaming
60s
9x9 Crossword: Cartoon Network
by jackfrog10
Miscellaneous
3m
College Basketball Coaching Resumes
by pancakes188
Sports
9m
More to Explore
Quiz From the Vault
Featured Blog Post
Where Did the Easter Bunny Come From?
hide this ad
You Might Also Like...
Tags
champion
League of Legends
Today's Top Quizzes in Gaming
Browse Gaming
hide this ad
Today's Top Quizzes in League of Legends
Browse League of Legends
Top Contributed Quizzes in Gaming
1
5-to-1: Consoles
2
7-to-1: Board Game Piece Blitz
3
5-to-1: Legend of Zelda
4
League of Legends Pro Players by Career/Team History
5
Destiny 2 exotic weapons by perk icons
6
Ultimate Genshin Impact Logic Puzzle (up to 4.3)
7
Franchise by Action Figure
8
Who's on the WWE 2K24 Cover?
9
Genshin Impact Logic Puzzle Quiz
10
Order the Pokémon Regions
Explore More
Trending Topics
Harry Potter
Marvel
Anime
NBA
Disney
Crossword
Kpop
Country
Song
Puzzle
The Office
WWE
NFL
Soccer
Pokémon
hide this ad
More By:
eolene
Quiz
Plays
Rating
Category
Featured
Created
131 League of Legends Champions
120
Gaming
Feb 11, 2012
The Longest Journey Saga Characters
103
5.00
Gaming
Aug 3, 2016
US Presidents in Order
21
1.50
History
Aug 3, 2016
Go to Creator's Profile
Score Distribution
Quiz Creator Spotlight
eolene
Follow
Send a Message
Quizzes Created
-
Created Quiz Play Count
-
More By This Creator
Popular Quizzes Today
1
Find the US States - No Outlines Minefield
2
Find the Countries of Europe - No Outlines Minefield
3
The Countries of the World
4
Find the US States
5
Risky Map Clicking: Biggest States A-Z
6
US States
7
Popular People in 1961
8
Movies - When Are They Set?
More Gaming Quizzes
It's All Fun & Games Until Somebody Completes The Quote
Editor's Pick
Trending Quizzes
Risky Map Clicking: Least Populous States A-Z
Countries of the World: 200 Million BC
1-10 Letter G Words
Risky Map Clicking: Next State Alphabetically
Adjectives in 80s TV Shows
Recently Updated
Leaping Animals
pecheneg
Reality TV Shows (A-Z)
bhenderson79
Rickey Henderson's Hall of Fame Teammates
pecheneg
Champions League XIs: Arsenal
pecheneg
Quick Pick: Celebrities in WWE's Hall of Fame
aduchscher
A-Z Keypad Blitz II
pecheneg
Multiple Oscar Actors
pecheneg
Mystery Phrase Blitz: Oscar 'Best Actors'
pecheneg
F. Scott Fitzgerald Novels
LTH
Pick 3 Villains
ddd62291
Trending Topics
Harry Potter
Crossword
Kpop
Anime
Marvel
NBA
Disney
Soccer
Country
WWE
The Office
NFL
Pokémon
Puzzle
Song
Your Account Isn't Verified!
In order to create a playlist on Sporcle, you need to verify the email address you used during registration. Go to your
Sporcle Settings
to finish the process.
Report this User
Report this user for behavior that violates our
Community Guidelines
.
Details:
Send Report
Go to the Sporcle.com Mobile Site →
Comments